000 00908nam a22002057a 4500
999 _c22149
_d22149
003 AR-CdUCM
008 190429b ||||| |||| 00| 0 spa d
040 _aMUNICIPALIDAD PROVINCIAL DEL CUSCO
_cBIBLIOTECA MUNICIPAL DEL CUSCO
082 _aSenderos/N°2/1955
245 _aSenderos pedagógicos :
_bórgano de los maestros primarios del Cuzco /
260 _aCuzco.
_bGarcilaso,
_c1955.
300 _a254 páginas. :
_c21 cm.
440 _asenderos pedagógicos
_nAño II, N°2, junio 1955.
_947538
505 _aContenido: Plan general de la concentración. -- La educación incaica en La Nueva Coronica y Buen Gobierno de Guamán Poma de Ayala. Edmundo Delgado Vivanco. -- La enseñanza de la música. Mac Cervantino. -- Acción social del Magisterio Cuzqueño. ...
650 _aPedagogía
_91560
650 _aColegios Cusco
_947491
650 _aEducación
_9460
942 _2ddc
_cPP
945 _arac